Technologie výroby kožešin /

Salvato in:
Dettagli Bibliografici
Autori principali: Vrbacký, Rudolf (Autore), Vrbacká, Vlasta (Autore)
Natura: Libro
Pubblicazione: Praha : SNTL, 1990
Tags: Aggiungi Tag
Nessun Tag, puoi essere il primo ad aggiungerne!!

MARC

LEADER 00000nam a22000003a 4500
001 stu16591
005 20150617225758.9
008 ------s1990----cs----------------------d
040 |a STU  |b slo 
041 0
044 |a cs 
080 |a 675.6 
100 1 |a Vrbacký, Rudolf  |4 aut 
245 1 |a Technologie výroby kožešin /  |c [aut.]Vrbacký,Rudolf, Vrbacká,Vlasta 
260 |a Praha :  |b SNTL,  |c 1990 
300 |a 558 :  |b Obr.,tab.,lit.,index 
700 1 |a Vrbacká, Vlasta  |4 aut 
996 |b C86957  |c C*86957  |l CCVIIIB  |s P  |a 0  |w stu16591_0001